| 000 | 00374nam a22001337a 4500 | ||
|---|---|---|---|
| 020 | _a978-955-8387-04-7 | ||
| 082 | _a232 NAT C1 | ||
| 100 | _aThe National Christian Council of Sri Lanka | ||
| 245 | _aJesus Christ: Sri Lankan Expressions | ||
| 260 |
_aSri Lanka _bThe National Christian Council of Sri Lanka _c2014 |
||
| 300 | _a114 | ||
| 650 | _aJesus Christ | ||
| 942 | _cBK | ||
| 999 |
_c20931 _d20931 |
||